00227nam a2200097Ia 4500008004100000041000800041100001300049245003800062650001000100999001900110230605s9999 xx 000 0 und d aeng aKonemann aDine with Europes cold Appetizers aF. P. c416891d416891